00989nam a2200229 i 450000100060000000300090000600500170001500700030003200800410003510000470007624501660012326000380028930000280032749000520035565000510040770000320045870000440049083000600053485200220059499900170061695201260063379698ES-MaACL20251004063127.0t|041022s1961 sp |||| | spa d1 aTalavera, Hernando de, d1428-1507910911110aCatólica impugnación / cFray Hernando de Talavera, O.S.H. ; estudio preliminar de Francisco Márquez ; edición y notas de Francisco Martín Hernández. aBarcelona : bJuan Flors, c1961. aXIII, 244 p. ; c18 cm.1 aEspirituales españoles. Serie A. Textos ; v604aApologética-vObras anteriores a 1800.999221 aMárquez, Francisco9770021 aMartín Hernández, Francisco.9775230 aEspirituales españoles. Serie A. Textos ; v69183485 aES-MaACLjC-20657 c79698d79698 00104070aATENEOMbATENEOMcGaleríad2008-01-17eSCl0oC-20657p1083336r2023-02-23 00:00:00w2023-02-23yMONOGRAFIA